| 000 | 01167nam a22002177a 4500 | ||
|---|---|---|---|
| 003 | JO-AjAnu | ||
| 005 | 20240629084443.0 | ||
| 008 | 231211b jo ||||| |||| 00| 0 ara d | ||
| 040 |
_aJO-AjAnu _bara _cJO-AjAnu _dJO-AjAnu _erda |
||
| 041 | 0 |
_aara _hara |
|
| 050 |
_aKZ7000 _b2023 |
||
| 100 | 1 |
_aاخميس، كوثر محمود ابراهيم _964953 _eمعد |
|
| 245 | 0 |
_aالدور القانوني للاتفاقيات الدولية في مكافحة الجرائم الدولية = The Legal Role of International Conventions in combating international Crimes / _cاعداد كوثر محمود ابراهيم اخميس؛ اشراف طلال ياسين العيسى |
|
| 260 | _c2023 | ||
| 300 | _a144 ورقة | ||
| 504 | _aتحتوي على مراجع باللغتين العربية والانجليزية | ||
| 505 | _aرسالة جامعية (رسالة ماجستير) .- جامعة عجلون الوطنية (عجلون،الاردن)، كلية الحقوق، قسم القانون، 2023. | ||
| 650 | 4 | 0 |
_aالقانون الدولي الجنائي. _964955 |
| 700 | 1 |
_aالعيسى، طلال ياسين. _964956 _eمشرف |
|
| 942 |
_2lcc _cTHS _n0 |
||
| 999 |
_c33287 _d33287 |
||